Responses for show #614 - Thursday, April 16, 1987

Contestants

Claire Dujardin, a bookkeeper from Myakka City, Florida

Mark Dunn, an eligibility worker from Sherman Oaks, California

Jim Ryan, a writer from Alexandria, Virginia (whose 3-day cash winnings total $21,950)

[next game >>]

Jeopardy! Round responses

HISTORY
WEIGHTS & MEASURES
RELATIVES IN SONG
THE PACIFIC NORTHWEST
THE VATICAN
DID YOU NOTICE?
(Alex: And if you are observant, you will have noticed that last week we had Did You Notice? as a category. Perhaps we'll wind up with Andy Rooney as a contestant on our show.)
    $100 1
(Claire: What is the year of the Earth?)

1492

JimClaire
    $100 21
a gallon

Mark
    $100 4
Papa

Mark
    $100 3
(Jim: What is Oregon?)
(Mark: What is the Tennessee Valley Authority?)
...
(Claire: What is [*]?)
(Alex: What is [*], yes! I suspect you guys are looking for complications where none exist.)

Idaho

JimMarkClaire
    $100 16
Sistine Chapel

Claire
    $200 2
America

Mark
    $200 22
a peck

Jim
    $200 5
Mother and Child

Jim
    $200 9
Idaho

Jim
    $200 17
King Henry VIII

Jim
    $300 6
(Claire: What is Venice?)

Rome

Claire
Triple Stumper
    $300 23
the inseam

Mark
    $500 13
(Alex: Jim, do you have a response?)
(Jim: Um... what is an ex-wife?)
(Alex: No, sorry. The song by Tom Jones is called "[*] of Darkness, so the relative mentioned in that song is [*].)

daughter

Jim
    $300 10
(Claire: What is Oregon?)
...
(Mark: What is [*]?)
(Alex: You are right for $300, and that takes us to our first commercial break, and Claire is miffed. Sorry, Claire.)

Idaho

MarkClaire
    $300 18
300

Triple Stumper
    $400 7
Belgium

Jim
    $400 24
(Claire: What is nine?)
...
(Alex: What is [*], there are 21 in the barrel.)

15

Claire
Triple Stumper
    $400 14
"Little Sister", "Don't Cry Daddy", "My Boy", or "Kissin' Cousins"

Triple Stumper
    $400 11
Oregon

Mark
    $400 19
Nobel Prize

Mark
    $500 8
Hadrian

Mark
    $500 25
(Claire: What is a scale?)
(Alex: Sorry, that is wrong.)
(Claire: Oh, boy.)

balance

Claire
Triple Stumper
    $500 15
grandma and grandpa

Triple Stumper
    $500 12
(Jim: What is [*]?)
(Alex: [*] is right, and was 4 out of the 5 responses there.)

Idaho

Jim
    $500 20
St. Peter's Square

Mark

Scores at the first commercial break (after clue 10):

Jim Mark Claire
$800 $1,000 -$600

Scores at the end of the Jeopardy! Round:

Jim Mark Claire
$1,200 $2,700 -$1,400

Double Jeopardy! Round responses

SCIENCE
'50'S TV
INTERNATIONAL LAW
LITERATURE
HOMOPHONIC PAIRS
(Alex: Claire, a brief word of explanation on that Homophonic Pairs. There will be two words in the response. They mean different things but they will be pronounced exactly the same way.)
BOND... JAMES BOND
    $200 26
hydrogen

Mark
    $200 12
Coke Time

Claire
    $200 21
airplanes (balloons)

Mark
    $200 7
Moby-Dick

Jim
    $200 1
here/hear

Claire
    $200 6
Sean Connery

Mark
    $400 13
soap operas

Claire
    $400 22
declared war

Mark
    $400 15
Swiss Family Robinson

Claire
    $400 2
bard/barred

Jim
    $400 8
none

Jim
    $600 14
San Francisco

Mark
    $600 23
the Red Cross

Claire
    $600 18
Jane Eyre

Claire
    $600 3
(Mark: What are prince/prints?)

scent/sent

MarkClaire
    $600 9
(Jim: What is they never appeared in a movie, in a Bond movie?)

they played the Avengers on television

Jim
Triple Stumper
    $399 16
(Alex: You have $400, but in this round you can wager up to $1000.)
(Claire: How about $399, just in case?)
...
(Claire: Who are Arthur Godfrey and Lucille Ball?)
(Alex: Oh, you got one of them. [*], but the other one in 1953 was [*]. Okay, you've got a buck. Let's start building on that!)

Lucille Ball and Red Skelton

Claire
    $800 24
Nuremberg and Tokyo

Jim
    $800 19
(Mark: What is Desire Under the Elms?)

Mourning Becomes Elektra

Mark
Triple Stumper
    $800 4
cue/queue

Mark
    $800 10
(Mark: Who is Number One?)

(Ernst Stavro) Blofeld

JimMark
    $1000 17
(Mark: What is Life With Father?)

Life With Father, Life With Buster Keaton, Life With Elizabeth, Life With Linkletter, Life With Luigi, Life With the Irwins, or Life With Snarky Parker

Mark
    $1000 25
United States and Great Britain

Triple Stumper
    $1000 20
a sonnet

Jim
    $1000 5
(Jim: What is to [*]?)

know/Noh

Jim
    $1000 11
(Jim: Who is David Niven?)

Woody Allen

Jim
Triple Stumper

Scores at the end of the Double Jeopardy! Round:

Jim Mark Claire
$4,200 $3,900 $1,201

[wagering suggestions for these scores]

Final Jeopardy! Round responses

LANGUAGES
ClaireWhat is Spanish?
$1,200
MarkWhat is Portugese ?
$3,900
JimWhat is Portuguese?
$4,100
Portuguese

Final scores:

Jim Mark Claire
$8,300 $7,800 $1
4-day champion: $30,250 2nd place: a vacation in Palm Springs + a Ricoh camera 3rd place: a Marcy exercise bike

Game dynamics:

Coryat scores:

Jim Mark Claire
$4,700 $3,900 $1,600
14 R,
4 W
(including 1 DD)
16 R,
4 W
9 R,
6 W
(including 1 DD)

Combined Coryat: $10,200

The J! Archive is created by fans, for fans. The Jeopardy! game show and all elements thereof, including but not limited to copyright and trademark thereto, are the property of Jeopardy Productions, Inc. and are protected under law. This website is not affiliated with, sponsored by, or operated by Jeopardy Productions, Inc. Join the discussion at JBoard.tv.